| 000 | 00467cam a2200181 a 4500 | ||
|---|---|---|---|
| 020 | _a0309037794 | ||
| 040 | _cDLC | ||
| 082 | _a636 NAT 1988 A052 Or. | ||
| 245 | 0 | 0 | _aNutrient requirements of swine / |
| 250 | _a9th rev. ed. | ||
| 260 |
_aWashington, D.C. : _bNational Academy Press, _c1988. |
||
| 300 |
_avi, 93 p. ; _c28 cm. |
||
| 500 | _aIncludes index. | ||
| 650 | 0 | _aSwine | |
| 650 | 0 | _aSwine | |
| 710 | 2 | _aNational Research Council (U.S.). | |
| 942 | _cEK | ||
| 999 |
_c14532 _d14532 |
||